Výskyt protilátok proti Toxoplasma gondii u gynekologických pacientiek na Slovensku

Bibliographic Details
Main Authors: Bálent, Pavol, 1951- (Author), Valenčáková, Alexandra, 1967- (Author), Čisláková, Lýdia, 1947- (Author), Luptáková, Lenka, 1978- (Author)
Format: Article
Language:Slovak

MARC

LEADER 00000naa a2200000uu 4500
001 vtls011062660
003 SK-MaSNL
005 20260302144725.0
008 210910|2006 xo |||||||||||||||||slo|
015 |a SNBRA 
035 |a (urnnbn)urn:nbn:sk:snk:ar-a0c3xt 
035 |a (uuid)fe3ad13a-60b9-4890-8d0e-3d48a3da8b6e 
035 |a urn:nbn:sk:snk-aavafo 
040 |a SNKBUCL  |b slo  |c SNKBUCL  |e AACR2 
041 0 |a slo 
044 |a xo  |c SK 
100 1 |a Bálent, Pavol,  |d 1951-  |4 aut  |9 98871 
245 1 0 |a Výskyt protilátok proti Toxoplasma gondii u gynekologických pacientiek na Slovensku  |c P. Bálent, A. Valenčáková, L. Čisláková, L. Luptáková 
700 1 |a Valenčáková, Alexandra,  |d 1967-  |4 aut  |9 181167 
700 1 |a Čisláková, Lýdia,  |d 1947-  |4 aut  |9 98134 
700 1 |a Luptáková, Lenka,  |d 1978-  |4 aut  |9 181168 
773 0 |t XIII. Aktuálne problémy humánnej parazitológie  |d Bratislava : Univerzita Komenského, 2006  |g S. 40-43  |z 8096958666 
958 |a OND 
958 |a article12 
958 |a chapter 
999 |c 1350737  |d 1352667